000 01487nam a2200229Ia 4500
003 Ost
005 20260507075110.0
008 260507s9999||||xx |||||||||||||| ||und||
040 _cfsecg
041 _aara
082 _a330
100 _aشلباية، مراد
_eمؤلف
245 0 _aمفاهيم أساسية في قواعد البيانات /
_c مراد شلباية
260 _aعمان:
_bدار المسيرة للنشر والتوزيع,
_c2000
300 _a293 صفحة؛
_c24 سم
520 _aيحتوي الكتاب على ثمانية فصول هي كالتالي ،الفصل الاول : نظام معالجة البيانات ( الملفات ) . الفصل الثاني : مفاهيم قواعد البيانات وهيكليتها . الفصل الثالث : نموذج الكينونات والعلاقات . الفصل الرابع : قواعد البيانات العلائقية . الفصل الخامس : استخدام لغة الاسترجاع . الفصل السابع : مقدمة الى اكسس . الفصل الثامن : المفاهيم الاساسية في ميكروسوفت اكسس . الفصل التاسع : الجداول . الفصل العاشر : العلاقات . الفصل الحادي عشر : النماذج
653 _aالحاسوب
653 _aقواعد البيانات
700 _aنهلة، درويش
_eمؤلف ثانوي
700 _aوائل، أبو مغلي
_eمؤلف ثانوي
942 _cكتاب
999 _c42875
_d42875